banner-ar

Alexandria illustrated / (Record no. 60660)

MARC details
000 -الفاتح
حقل البيانات ثابتة الطول 00795cam a22002417a 4500
005 - وقت وتاريخ اخر تعامل مع التسجيلة
رقم الضبط 20240530110421.0
008 - عناصر البيانات ثابتة الطول - معلومات عامة
حقل البيانات ثابتة الطول 050901r20041993ua ab f 000 0 eng d
020 ## - الرقم الدولى المعيارى للكتب
الرقم الدولى المعيارى للكتاب 9774248341
035 ## - رقم ضبط النظام
رقم ضبط النظام (OCoLC)ocm56910194
040 ## - مصدر الفهرسة
وكالة الفهرسة الأصلية EG-CaGPL
وكالة النسخ EG-CaGPL
042 ## -
-- lccopycat
043 ## - رمز المنطقة الجغرافية
رمز المنطقة الجغرافية f-ua---
082 04 - رقم تصنيف ديوى العشرى
رقم الطبعة 21
رقم التصنيف 916.21\
رقم المادة H A
100 1# - المدخل الرئيسى - إسم شخصى
الإسم الشخصى Haag, Michael,
التواريخ المصاحبة للاسم 1943-
245 10 - بيان العنوان
العنوان Alexandria illustrated /
بيان المسئوليه,etc written and photographed by Michael Haag.
260 ## - PUBLICATION, DISTRIBUTION, ETC. (IMPRINT)
تاريخ النشر أو التوزيع 2004.
300 ## - الوصف المادى
التعداد 80 p. :
تفاصيل ماديه اخرى للوعاء col. ill., col. maps ;
أبعاد الوعاء 28 cm.
500 ## - تبصرة عامة
تبصرة عامة "First published in 1993 as Alexandria"--T.p. verso.
651 #0 - المدخل الاضافى بالموضوع - اسم جغرافى
الاسم الجغرافي Alexandria (Egypt)
التقسيم الفرعي العام Description and travel.
700 1# - المدخل الاضافى - اسم شخصى
الإسم الشخصى Haag, Michael,
التواريخ المصاحبة للاسم 1943-
عنوان العمل Alexandria.
942 ## - عناصر المدخل الإضافي( كوها)
مصدر التصنيف او مخطط الترفيف Dewey Decimal Classification
Koha [default] item type كتاب
260 ## - PUBLICATION, DISTRIBUTION, ETC. (IMPRINT)
-- Cairo ;
-- New York :
-- American University in Cairo Press,
Holdings
حالة التراجع حالة الفقد مصدر التصنيف او خطة الترفيف حالة تلف ليس للاعارة المكان المؤقت الموقع الحالى تاريخ الاكتساب اجمالي اﻻعارات رقم الطلب الباركود تاريخ اخر مشاهدة تاريخ تفعيل السعر نوع وعاء كوها
    ddc     مكتبة القاهرة الكبرى مكتبة القاهرة الكبرى 03/11/2015   916.21\ H A 159760 03/11/2015 03/11/2015 كتاب

Powered By

EGPV